[Event "Match"]
[Site "www.echecsemail.com"]
[Date "2017.12.14"]
[Round "1"]
[White "Add"]
[Black "Gidi5"]
[WhiteElo "2180"]
[BlackElo "2340"]
[Result "0-1"]
[Round "1"]
1.e4 e6
2.d4 d5
3.e5 c5
4.c3 Qd8b6
5.Qd1b3 Qb6xb3
6.axb3 Nb8c6
7.Bf1b5 Bc8d7
8.Ng1f3 Nc6xe5
9.Bb5xd7 Ne5xd7
10.Bc1e3 Ng8f6
11.Nb1d2 Nf6g4
12.Be3f4 Ra8c8
13.h3 Ng4f6
14.Ra1xa7 cxd4
15.O-O dxc3
16.bxc3 Nd7c5
17.Bf4e5 Nf6d7
18.Be5d4 Bf8d6
19.Bd4xg7 Rh8g8
20.Bg7d4 Nc5d3
21.Ra7xb7 Nd3f4
22.Nf3e1 Nf4xh3
23.Kh1 Nh3f4
24.g3 e5
25.Bd4e3 Nf4e6
26.c4 d4
27.Nd2e4 Bd6e7
28.Be3d2 f5
29.Ne4c3 dxc3
30.Bd2xc3 Ne6c5
31.Rb7b5 Nc5e4
32.Bc3xe5 Be7c5
33.Ne1d3 Nd7xe5
34.Nd3xe5 Bc5xf2
35.Kh2 Bf2xg3
36.Kh3 Ne4c3
37.Rb5a5 Nc3e2
38.Ne5d3 Bg3c7
39.Ra5xf5 Rg8g3
40.Kh2 Rg3xd3
41.Kg2 Ne2f4
42.Rf5xf4 Bc7xf4
43.Rf1xf4 Rd3xb3
44.Rf4e4 Kf7
{ resign }
0-1

[Event "Fast Game"]
[Site "www.echecsemail.com"]
[Date "2017.12.14"]
[Round "1"]
[White "Pellix84"]
[Black "Hennie4820"]
[WhiteElo "1670"]
[BlackElo "1650"]
[Result "0-1"]
[Round "1"]
1.d4 Ng8f6
2.Ng1f3 g6
3.c4 Bf8g7
4.e3 O-O
5.Nb1c3 d6
6.Bf1e2 Nb8d7
7.O-O e5
8.Qd1c2 Rf8e8
9.e4 exd4
10.Nf3xd4 Nd7c5
11.f3 Nf6xe4
12.fxe4 Bg7xd4
13.Kh1 Bd4xc3
14.Qc2xc3 Nc5xe4
15.Qc3f3 f5
16.Bc1e3 Bc8d7
17.Ra1d1 Qd8e7
18.Be3h6 Bd7c6
19.Qf3b3 Ne4c5
20.Qb3c3 Qe7e5
21.Be2f3 Qe5xc3
22.bxc3 Bc6xf3
23.Rf1xf3 Re8e2
24.Rd1f1 Re2e4
25.Rf3g3 Kf7
26.h4 Re4xh4
27.Rg3h3 Rh4xh3
28.gxh3 Ra8e8
29.h4 Re8e2
30.a3 Re2a2
31.Bh6g5 Ra2xa3
32.Rf1e1 Nc5e4
33.c5 d5
34.Bg5f4 c6
35.Bf4d6 Ra3xc3
{ resign }
0-1

[Event "Fast Game"]
[Site "www.echecsemail.com"]
[Date "2017.12.14"]
[Round "1"]
[White "Aljekiene"]
[Black "Pellix84"]
[WhiteElo "1819"]
[BlackElo "1660"]
[Result "1-0"]
[Round "1"]
1.d4 Ng8f6
2.c4 e6
3.Nb1c3 c5
4.d5 exd5
5.cxd5 d6
6.e4 g6
7.Ng1f3 Bf8g7
8.h3 Nb8a6
9.Bc1f4 Qd8e7
10.Bf1b5 Bc8d7
11.Bf4xd6 Qe7xd6
12.e5 Qd6b6
13.exf6 Bg7xf6
14.Qd1e2 Kd8
15.Bb5xd7 Kxd7
16.O-O Rh8e8
17.Qe2c4 Ra8c8
18.Qc4g4 Kc7
19.Qg4f4 { resign }
1-0

[Event "Fast Game"]
[Site "www.echecsemail.com"]
[Date "2017.12.14"]
[Round "1"]
[White "Pangloss"]
[Black "Pellix84"]
[WhiteElo "1599"]
[BlackElo "1640"]
[Result "1-0"]
[Round "1"]
1.e4 c5
2.Ng1f3 d6
3.d4 cxd4
4.Nf3xd4 Ng8f6
5.Nb1c3 a6
6.Bc1g5 e5
7.Nd4b3 Bf8e7
8.f4 Nb8c6
9.Bf1d3 Qd8b6
10.Bg5xf6 Qb6e3
11.Qd1e2 Qe3xe2
12.Bd3xe2 Be7xf6
13.f5 g6
14.Rh1f1 Nc6e7
15.fxg6 Bf6h4
16.g3 hxg6
17.gxh4 Rh8xh4
18.Rf1f2 Bc8e6
19.O-O-O Ra8d8
20.Nb3a5 Rd8d7
21.Na5c4 Ne7c8
22.Nc4e3 Nc8b6
23.Nc3d5 Nb6xd5
24.exd5 Be6h3
25.Be2f1 f5
26.Bf1xh3 Rh4xh3
27.Ne3c4 f4
28.Rd1g1 Kf7
29.Rf2g2 Rh3h6
30.Nc4d2 Rd7d8
31.Nd2e4 { resign }
1-0

[Event "Tourn. n9623"]
[Site "www.chess-mail.com"]
[Date "2017.12.15"]
[Round "1"]
[White "Sahlapalat"]
[Black "Azulmarino"]
[WhiteElo "1679"]
[BlackElo "1650"]
[Result "1-0"]
[Round "1"]
1.d4 d5
2.c4 Bc8f5
3.cxd5 Qd8xd5
4.Nb1c3 Qd5d8
5.e4 Bf5g6
6.Ng1f3 Bg6h5
7.Bf1e2 Ng8f6
8.O-O h6
9.Bc1f4 e6
10.Qd1b3 b6
11.Ra1c1 Nb8c6
12.Rf1d1 Bf8d6
13.e5 Nc6a5
14.Qb3c2 Bh5xf3
15.Be2xf3 Ra8c8
16.exd6 cxd6
17.Qc2a4 Nf6d7
18.Bf4xd6 Rc8c4
19.Qa4b5 a6
20.Qb5xa6 Nd7b8
21.Qa6b5 Nb8c6
22.Bf3xc6 Na5xc6
23.Qb5xc4 Qd8xd6
24.Nc3b5 Qd6e7
25.Qc4xc6 Kf8
26.Qc6a8 { resign }
1-0

[Event "Tourn. n9602"]
[Site "www.chess-mail.com"]
[Date "2017.12.15"]
[Round "1"]
[White "Mitja"]
[Black "Falcoale"]
[WhiteElo "1950"]
[BlackElo "2000"]
[Result "0-1"]
[Round "1"]
1.d4 Ng8f6
2.c3 b6
3.e3 Bc8b7
4.Ng1f3 e6
5.g3 c5
6.dxc5 Bf8xc5
7.Bf1g2 d5
8.O-O O-O
9.b3 Nb8c6
10.Bc1b2 Nf6d7
11.Nf3d4 Nc6xd4
12.cxd4 Bc5e7
13.Nb1d2 Bb7a6
14.Rf1e1 Be7b4
15.Ra1c1 Qd8e7
16.Bb2c3 Bb4a3
17.Rc1b1 Ra8c8
18.Bc3b2 Ba6d3
19.Bb2xa3 Qe7xa3
20.Rb1a1 Bd3g6
21.Nd2f3 Rc8c7
22.Qd1d2 Rf8c8
23.Nf3h4 Rc7c2
24.Qd2d1 Rc2xa2
25.Ra1xa2 Qa3xa2
26.Nh4xg6 hxg6
27.Re1e2 Qa2a6
28.Re2c2 Rc8d8
29.Rc2c7 Nd7f6
30.Bg2f1 Qa6a3
31.Qd1c2 Nf6e4
32.f3 Ne4d6
33.Kf2 Kh7
34.h4 Kh6
35.g4 Kh7
36.Bf1d3 a5
37.g5 Nd6f5
38.Bd3xf5 exf5
39.Rc7xf7 Qa3d6
40.Kg2 Rd8d7
41.Rf7xd7 Qd6xd7
42.Qc2c5 bxc5
{ resign }
0-1

[Event "Tourn. n9649"]
[Site "www.chess-mail.com"]
[Date "2017.12.15"]
[Round "1"]
[White "Falcoale"]
[Black "Pangloss"]
[WhiteElo "1840"]
[BlackElo "1809"]
[Result "0-1"]
[Round "1"]
1.e4 e5
2.Ng1f3 Nb8c6
3.Bf1c4 Ng8f6
4.Nb1c3 Nf6xe4
5.Nc3xe4 d5
6.Bc4xd5 Qd8xd5
7.d3 f5
8.Ne4c3 Bf8b4
9.Bc1d2 Bb4xc3
10.Bd2xc3 Bc8d7
11.O-O O-O
12.Rf1e1 Ra8e8
13.Re1e2 f4
14.Qd1e1 Bd7g4
15.Re2e4 Bg4xf3
16.gxf3 Rf8f5
17.Kf1 Re8e6
18.a4 Re6h6
19.Bc3d2 Rh6xh2
20.Bd2xf4 Rh2h1
21.Kg2 Rh1xe1
22.Ra1xe1 Rf5xf4
{ resign }
0-1

[Event "Tourn. n9573"]
[Site "www.chess-mail.com"]
[Date "2017.12.15"]
[Round "1"]
[White "Dussek"]
[Black "Ditto"]
[WhiteElo "1810"]
[BlackElo "1880"]
[Result "0-1"]
[Round "1"]
1.d4 d5
2.Ng1f3 c6
3.Bc1f4 Ng8f6
4.Nb1d2 e6
5.e3 Bf8b4
6.c3 Bb4e7
7.Bf1d3 Nb8d7
8.O-O O-O
9.Qd1c2 h6
10.Nd2b3 Nf6h5
11.Bd3h7 Kh8
12.Bf4xh6 gxh6
13.Nf3e5 Nd7f6
14.Bh7d3 Be7d6
15.Nb3d2 Nf6d7
16.f4 Nd7xe5
17.fxe5 Bd6c7
18.Rf1f3 f6
19.Rf3h3 Qd8e8
20.Bd3g6 Qe8e7
21.Rh3xh5 Kg7
22.Ra1f1 fxe5
23.Rf1xf8 Qe7xf8
24.Bg6d3 e4
25.Bd3e2 Bc8d7
26.Qc2d1 Qf8d6
27.Qd1e1 Bd7e8
28.Rh5e5 Be8g6
29.Qe1g3 Ra8g8
30.Be2h5 Kh7
31.Bh5xg6 Rg8xg6
32.Qg3f4 Qd6e7
33.Nd2f1 Bc7xe5
34.dxe5 Qe7g7
35.Nf1g3 Rg6g5
36.h4 Rg5xg3
{ resign }
0-1

[Event "Tourn. n9660"]
[Site "www.chess-mail.com"]
[Date "2017.12.15"]
[Round "1"]
[White "Apdash"]
[Black "Fantomas"]
[WhiteElo "2230"]
[BlackElo "2220"]
[Result "1-0"]
[Round "1"]
1.d4 d5
2.Ng1f3 Ng8f6
3.Bc1g5 e6
4.c4 Bf8e7
5.Nb1c3 c6
6.e3 O-O
7.Bf1e2 Nb8d7
8.Qd1b3 dxc4
9.Be2xc4 Nf6d5
10.Bg5xe7 Qd8xe7
11.e4 Nd5b6
12.Bc4e2 Rf8d8
13.Ra1d1 Nd7f6
14.a4 Nb6d7
15.O-O Nd7f8
16.Rf1e1 Nf8g6
17.Be2c4 Qe7f8
18.d5 exd5
19.exd5 cxd5
20.Nc3xd5 Nf6xd5
21.Rd1xd5 Rd8xd5
22.Bc4xd5 h6
23.Qb3c2 Qf8d8
24.Qc2xg6 { resign }
1-0

[Event "Tourn. n9581"]
[Site "www.chess-mail.com"]
[Date "2017.12.15"]
[Round "1"]
[White "Norlavuaram"]
[Black "Vios"]
[WhiteElo "2160"]
[BlackElo "2120"]
[Result "0-1"]
[Round "1"]
1.e4 c6
2.d4 d5
3.Nb1d2 dxe4
4.Nd2xe4 Bc8f5
5.Ne4g3 Bf5g6
6.Ng1f3 h6
7.Bf1e2 e6
8.O-O Ng8f6
9.c3 Nb8d7
10.h3 Bf8d6
11.Nf3h4 Bg6h7
12.b3 O-O
13.Bc1e3 Qd8c7
14.f4 g5
15.fxg5 Nf6d5
16.Qd1d2 Bd6xg3
17.Nh4f3 Nd5xe3
18.Qd2xe3 Bg3f4
19.Qe3f2 hxg5
20.Nf3e1 f5
21.Ne1d3 Bf4h2
22.Kh1 Nd7f6
 { time }
0-1

[Event "Match"]
[Site "www.echecsemail.com"]
[Date "2017.12.15"]
[Round "1"]
[White "Apdash"]
[Black "Mdesouza"]
[WhiteElo "2230"]
[BlackElo "2260"]
[Result "0-1"]
[Round "1"]
1.e4 c5
2.Ng1f3 Nb8c6
3.d4 cxd4
4.Nf3xd4 e5
5.Nd4xc6 bxc6
6.Bf1c4 Bc8a6
7.Qd1e2 Ba6xc4
8.Qe2xc4 Qd8b6
9.Nb1c3 Ng8f6
10.O-O Bf8e7
11.Kh1 O-O
12.Ra1b1 Ra8b8
13.Bc1e3 Qb6b7
14.f4 d5
15.exd5 cxd5
16.Qc4e2 Be7d6
17.fxe5 Bd6xe5
18.Nc3a4 Qb7c7
19.Be3g1 Rb8b4
20.Na4c5 Rb4xb2
21.Rb1xb2 Be5xb2
22.Rf1b1 Bb2e5
23.Rb1b7 Qc7d6
24.Nc5d3 Rf8e8
25.Nd3xe5 Re8xe5
26.Qe2d1 h6
27.h3 Nf6e4
28.Qd1f3 Re5f5
29.Bg1h2 Qd6f6
30.Rb7b8 Kh7
31.Qf3e3 Ne4f2
32.Kg1 Qf6a1
{ resign }
0-1

[Event "Match"]
[Site "www.echecsemail.com"]
[Date "2017.12.15"]
[Round "1"]
[White "Geodad5"]
[Black "Apdash"]
[WhiteElo "2140"]
[BlackElo "2330"]
[Result "0-1"]
[Round "1"]
1.e4 c5
2.Ng1f3 Nb8c6
3.d4 cxd4
4.Nf3xd4 d6
5.Nb1c3 Bc8d7
6.Bc1e3 Ng8f6
7.Bf1e2 g6
8.O-O Bf8g7
9.f4 Qd8c8
10.h3 a6
11.Nd4f3 O-O
12.Qd1d2 Nf6h5
13.Kh2 e5
14.fxe5 dxe5
15.Be3h6 Bd7e6
16.Bh6xg7 Kxg7
17.Nf3g5 Nh5f4
18.Ng5xe6 Qc8xe6
19.Be2g4 f5
20.Bg4f3 Nc6d4
21.exf5 Nd4xf5
22.Qd2f2 Qe6e7
23.a3 Nf5d4
24.Ra1e1 Qe7c7
25.Qf2g3 Nd4xc2
26.Re1c1 Nc2e3
27.Rf1e1 Ne3f5
28.Qg3f2 Nf4d3
29.Qf2e2 Nd3xc1
30.Re1xc1 e4
{ resign }
0-1

[Event "Match"]
[Site "www.echecsemail.com"]
[Date "2017.12.15"]
[Round "1"]
[White "Gidi5"]
[Black "Aperturaf"]
[WhiteElo "2340"]
[BlackElo "2620"]
[Result "0-1"]
[Round "1"]
1.e4 e6
2.d4 d5
3.Nb1c3 Ng8f6
4.Bc1g5 Bf8e7
5.e5 Nf6d7
6.Bg5xe7 Qd8xe7
7.Ng1f3 O-O
8.Nc3b5 a6
9.Nb5c3 c5
10.Bf1e2 Nb8c6
11.dxc5 Qe7xc5
12.O-O Nd7xe5
13.Nf3xe5 Nc6xe5
14.Nc3a4 Qc5a7
15.Kh1 b5
16.Na4c3 Bc8b7
17.f4 Ne5c4
18.Be2xc4 dxc4
19.a3 Rf8d8
20.Qd1e2 h6
21.Ra1d1 Bb7c6
22.Nc3e4 Rd8xd1
23.Rf1xd1 Qa7c7
24.Ne4d6 Ra8d8
25.Qe2e5 Bc6d5
26.Nd6e4 Bd5xe4
{ resign }
0-1

[Event "Match"]
[Site "www.echecsemail.com"]
[Date "2017.12.15"]
[Round "1"]
[White "Pinehill"]
[Black "Apdash"]
[WhiteElo "2060"]
[BlackElo "2250"]
[Result "0-1"]
[Round "1"]
1.e4 e5
2.d4 exd4
3.Ng1f3 c5
4.Bf1c4 Nb8c6
5.O-O Bf8e7
6.c3 dxc3
7.Nb1xc3 d6
8.Rf1e1 Bc8e6
9.Bc4xe6 fxe6
10.Qd1b3 Qd8d7
11.Bc1e3 Nc6a5
12.Qb3b5 Na5c6
13.Re1d1 Qd7c7
14.Qb5a4 a6
15.Ra1c1 Kf7
16.e5 dxe5
17.Nc3e4 b5
18.Ne4g5 Be7xg5
19.Nf3xg5 Kf6
20.Qa4h4 Ng8h6
21.Ng5e4 Kf7
22.Ne4xc5 Rh8d8
23.Qh4h5 Kg8
24.Be3xh6 Rd8xd1
25.Rc1xd1 Nc6d4
26.Qh5g5 Kh8
27.Nc5e4 gxh6
28.Qg5xh6 Qc7g7
29.Qh6e3 Ra8g8
30.g3 Rg8f8
31.Ne4c5 Rf8f5
32.Kg2 Qg7a7
33.f4 Qa7xc5
34.fxe5 Qc5c6
35.Kh3 Qc6f3
36.Qe3xf3 Nd4xf3
{ resign }
0-1

[Event "1/32 Finale"]
[Site "www.chess-mail.com"]
[Date "2017.12.15"]
[Round "1"]
[White "Attatroll"]
[Black "Piriot"]
[WhiteElo "2000"]
[BlackElo "2490"]
[Result "0-1"]
[Round "1"]
1.d4 d6
2.c4 e5
3.Ng1f3 e4
4.Nf3g5 f5
5.Bc1f4 h6
6.Ng5h3 g5
7.Bf4d2 Bf8g7
8.e3 c5
9.Nb1c3 cxd4
10.exd4 Ng8e7
11.Qd1h5 Kf8
12.O-O-O Nb8c6
13.Nc3e2 Bc8e6
14.Ne2g3 Nc6xd4
15.f3 Be6f7
16.Nh3xg5 Bf7xh5
17.Ng3xh5 hxg5
18.Nh5g3 Ne7c6
19.c5 dxc5
20.fxe4 f4
21.Ng3e2 Qd8e7
22.Ne2xd4 Nc6xd4
23.Bd2c3 Bg7e5
24.Bf1c4 b5
25.Bc3xd4 Be5xd4
26.Bc4xb5 Qe7xe4
27.Rh1e1 Bd4e3
28.Rd1d2 Ra8d8
{ resign }
0-1

[Event "1/128 Finale"]
[Site "www.chess-mail.com"]
[Date "2017.12.15"]
[Round "1"]
[White "Attatroll"]
[Black "Sahlapalat"]
[WhiteElo "1970"]
[BlackElo "1499"]
[Result "0-1"]
[Round "1"]
1.d4 Ng8f6
2.c4 g6
3.Nb1c3 d5
4.cxd5 Nf6xd5
5.e4 Nd5xc3
6.bxc3 Bf8g7
7.Bc1e3 c5
8.Ra1c1 O-O
9.Ng1f3 Qd8a5
10.Qd1d2 cxd4
11.cxd4 Qa5xd2
12.Be3xd2 Nb8c6
13.Bd2e3 Rf8d8
14.e5 Bc8e6
15.Bf1e2 Be6xa2
16.O-O a6
17.Be2c4 Ba2xc4
18.Rc1xc4 Ra8c8
19.Rf1b1 b5
20.Rc4c5 Nc6a5
21.Rb1c1 Rc8xc5
22.Rc1xc5 Na5c4
23.Rc5c7 e6
24.Nf3g5 Rd8b8
25.Ng5xf7 Nc4xe3
26.fxe3 b4
27.Nf7d6 b3
28.Nd6c4 b2
29.Nc4xb2 Rb8xb2
30.Rc7c6 Bg7h6
31.Rc6xa6 Bh6xe3
32.Kf1 Be3xd4
33.Ra6xe6 Rb2f2
34.Ke1 Rf2f5
35.Re6e8 Kf7
36.Re8h8 Rf5xe5
37.Kd2 h5
38.Rh8d8 Bd4c5
39.Rd8d7 Ke6
40.Rd7g7 g5
41.Kd3 Kf6
42.Rg7h7 h4
43.Kc4 Bc5g1
44.g3 hxg3
45.hxg3 Kf5
46.Rh7f7 Kg4
47.Rf7f1 Bg1e3
48.Rf1e1 Kxg3
49.Kd3 Kf2
50.Re1h1 g4
51.Rh1h8 g3
{ resign }
0-1

[Event "1/64 Finale"]
[Site "www.chess-mail.com"]
[Date "2017.12.15"]
[Round "1"]
[White "Osopanda"]
[Black "Sahlapalat"]
[WhiteElo "1800"]
[BlackElo "1870"]
[Result "0-1"]
[Round "1"]
1.e4 c5
2.Ng1f3 d6
3.c3 Ng8f6
4.e5 dxe5
5.Nf3xe5 e6
6.d4 Bf8e7
7.Bf1b5 Bc8d7
8.Ne5xd7 Nb8xd7
9.Bc1g5 { time. }
0-1

[Event "1/128 Finale"]
[Site "www.chess-mail.com"]
[Date "2017.12.15"]
[Round "1"]
[White "Cereus"]
[Black "Picifarkinca"]
[WhiteElo "1809"]
[BlackElo "1650"]
[Result "1-0"]
[Round "1"]
1.e4 e5
2.Ng1f3 d6
3.d4 f5
4.dxe5 fxe4
5.Nf3g5 d5
6.e6 Ng8h6
7.Nb1c3 c6
8.Ng5xe4 Bc8xe6
9.Bc1xh6 gxh6
10.Qd1h5 Kd7
11.O-O-O Kc7
12.Qh5e5 { resign }
1-0

[Event "Fast Game"]
[Site "www.echecsemail.com"]
[Date "2017.12.15"]
[Round "1"]
[White "Stevep84"]
[Black "Attatroll"]
[WhiteElo "1930"]
[BlackElo "1800"]
[Result "1-0"]
[Round "1"]
1.e4 d6
2.d4 Ng8f6
3.Nb1c3 g6
4.Bc1e3 Bf8g7
5.Qd1d2 Nf6g4
6.Be3g5 O-O
7.h3 Ng4f6
8.Bg5h6 Nb8c6
9.O-O-O a6
10.Bf1e2 Nc6xd4
11.Bh6xg7 Nd4xe2
12.Ng1xe2 Kxg7
13.g4 Nf6d7
14.f4 Nd7c5
15.f5 b5
16.fxg6 hxg6
17.Qd2g5 e5
18.Qg5e3 Bc8b7
19.Ne2g3 Rf8h8
20.h4 Qd8e7
21.h5 Qe7e6
22.Rd1g1 Ra8g8
23.Qe3g5 Kf8
24.Qg5d8 Qe6e8
25.Qd8xc7 Qe8d7
26.Qc7xd7 Nc5xd7
27.h6 Nd7f6
28.g5 Nf6g4
29.Kd2 f6
30.Rh1h4 Ng4f2
31.Rg1f1 fxg5
32.Rf1xf2 Ke8
33.Rh4g4 Rh8xh6
34.Rg4xg5 b4
35.Nc3d5 Bb7xd5
36.exd5 Rh6h3
37.Rf2f6 Rh3h2
38.Kd3 Ke7
39.Rf6xg6 Rg8f8
40.Ng3f5 Kd7
41.Rg6xd6 Kc8
42.Rd6c6 Kb7
43.Rg5g7 Kb8
44.Rc6b6 Kc8
45.Nf5d6 Kd8
46.Rb6b8 
1-0

[Event "Fast Game"]
[Site "www.echecsemail.com"]
[Date "2017.12.15"]
[Round "1"]
[White "Hennie4820"]
[Black "Pangloss"]
[WhiteElo "1660"]
[BlackElo "1599"]
[Result "0-1"]
[Round "1"]
1.e4 e5
2.Ng1f3 Nb8c6
3.Bf1c4 Ng8f6
4.d4 exd4
5.O-O Nf6xe4
6.Rf1e1 d5
7.Bc4xd5 Qd8xd5
8.Nb1c3 Qd5a5
9.Nc3xe4 Bc8e6
10.Ne4g5 O-O-O
11.Ng5xe6 fxe6
12.Re1xe6 Bf8d6
13.Bc1g5 Rd8e8
14.Qd1e2 Kd7
15.Ra1e1 Qa5xe1
16.Qe2xe1 Re8xe6
17.Qe1d2 h6
18.Bg5h4 Rh8e8
19.h3 Re6e2
20.Qd2d1 d3
21.cxd3 Kc8
22.g4 Nc6d4
23.Kg2 Nd4c2
24.a3 Nc2e3
{ resign }
0-1

[Event "Tourn. n9574"]
[Site "www.chess-mail.com"]
[Date "2017.12.16"]
[Round "1"]
[White "Hundegana"]
[Black "Apdash"]
[WhiteElo "2030"]
[BlackElo "2180"]
[Result "0-1"]
[Round "1"]
1.e4 e5
2.Bf1c4 Ng8f6
3.d3 Bf8c5
4.Ng1f3 Nb8c6
5.c3 O-O
6.O-O d5
7.exd5 Nf6xd5
8.Bc4xd5 Qd8xd5
9.c4 Qd5d6
10.Nb1c3 f5
11.Rf1e1 a6
12.a3 Bc8d7
13.Bc1e3 Bc5xe3
14.fxe3 b6
15.b4 Nc6e7
16.Ra1a2 h6
17.Ra2d2 a5
18.Qd1b1 Kh8
19.Nc3b5 Bd7xb5
20.cxb5 axb4
21.Qb1xb4 Ra8xa3
22.Qb4xd6 cxd6
23.Re1b1 Rf8c8
24.Kf2 g5
25.h3 Rc8c3
26.Nf3e1 Kg7
27.g4 fxg4
28.hxg4 Ra3b3
29.Rd2b2 Rb3a3
30.Kf3 Kg6
31.Ke2 h5
32.gxh5 Kxh5
33.Ne1c2 Ra3a8
34.Kd2 Rc3c8
35.e4 Ne7g6
36.Nc2b4 g4
37.Nb4d5 Ra8b8
38.Rb1g1 Ng6f4
39.Nd5f6 Kg6
40.Nf6xg4 Kf7
41.Ng4h6 Ke6
42.Nh6f5 Rc8h8
43.Rb2b3 Rh8h2
44.Kc3 Nf4e2
45.Kb4 Ne2xg1
46.Rb3c3 Rh2h7
47.Rc3c6 Rh7d7
48.Kc3 Ng1e2
49.Kd2 Ne2d4
50.Nf5xd4 exd4
51.Rc6c2 Rd7h7
52.Rc2c4 Rh7h2
53.Kd1 Rb8a8
54.Rc4c1 Ra8a2
{ resign }
0-1

[Event "Tourn. n9563"]
[Site "www.chess-mail.com"]
[Date "2017.12.16"]
[Round "1"]
[White "Falcoale"]
[Black "Dussek"]
[WhiteElo "2020"]
[BlackElo "1820"]
[Result "1-0"]
[Round "1"]
1.e4 e6
2.d4 d5
3.e5 c5
4.c3 Nb8c6
5.Ng1f3 Qd8b6
6.Bf1e2 Ng8h6
7.O-O Nh6f5
8.dxc5 Bf8xc5
9.b4 Bc5e7
10.Bc1e3 Nf5xe3
11.fxe3 O-O
12.Nb1a3 a6
13.Na3c2 Bc8d7
14.a4 Qb6c7
15.b5 Nc6a5
16.Nc2d4 Na5c4
17.Nd4c2 h6
18.Be2xc4 dxc4
19.Nc2d4 axb5
20.Nd4xb5 Qc7b6
21.Nf3d4 Rf8d8
22.Ra1b1 Qb6a5
23.Qd1c2 Be7c5
24.Qc2f2 Rd8f8
25.Rb1a1 Bc5xd4
26.exd4 Bd7c6
27.Nb5d6 Qa5xc3
28.Ra1c1 Qc3d3
29.Nd6xc4 Bc6d5
30.Rf1d1 Qd3g6
31.Nc4b6 Bd5b3
32.Nb6xa8 Bb3xd1
33.Rc1xd1 Rf8xa8
34.Qf2a2 Qg6e4
35.Qa2b3 Ra8c8
36.a5 Qe4c2
37.Qb3b1 Qc2xb1
38.Rd1xb1 Rc8b8
39.Kf2 Kf8
40.Ke3 Ke8
41.Kd3 Kd7
42.Kc4 Kc7
43.Rb1c1 Kd7
44.Kb5 f5
45.Kb6 Rb8c8
46.Rc1c5 Rc8xc5
47.dxc5 f4
48.Kxb7 g5
49.c6 { resign }
1-0

[Event "Tourn. n9595"]
[Site "www.chess-mail.com"]
[Date "2017.12.16"]
[Round "1"]
[White "Begory"]
[Black "Tarasch"]
[WhiteElo "1630"]
[BlackElo "1499"]
[Result "0-1"]
[Round "1"]
1.d4 d5
2.Bc1f4 e6
3.Nb1c3 Bf8d6
4.Bf4xd6 Qd8xd6
5.Ng1f3 Ng8f6
6.e3 O-O
7.Bf1d3 a6
8.O-O c5
9.dxc5 Qd6xc5
10.e4 dxe4
11.Bd3xe4 Nf6xe4
12.Nc3xe4 Qc5c6
13.Ne4c3 b5
14.Nf3d4 Qc6b6
15.Nd4e2 Bc8b7
16.Qd1d4 Qb6xd4
17.Ne2xd4 Nb8c6
18.Nd4xc6 Bb7xc6
19.Rf1d1 Rf8d8
20.Rd1xd8 Ra8xd8
21.Ra1d1 Rd8xd1
22.Nc3xd1 Kf8
23.Nd1c3 Ke7
24.Kf1 Kd6
25.Nc3e2 e5
26.Ke1 Bc6xg2
27.Ne2g3 g6
28.Ke2 f5
29.f3 e4
30.f4 Bg2f3
31.Ke3 Kc5
32.Ng3f1 Bf3d1
33.c3 a5
34.Nf1d2 h6
35.Nd2f1 b4
36.cxb4 axb4
37.Nf1d2 Bd1c2
38.b3 Bc2d3
39.Nd2c4 Bd3xc4
40.bxc4 Kxc4
{ resign }
0-1

[Event "Tourn. n9631"]
[Site "www.chess-mail.com"]
[Date "2017.12.16"]
[Round "1"]
[White "Sahlapalat"]
[Black "Dussek"]
[WhiteElo "1679"]
[BlackElo "1900"]
[Result "1-0"]
[Round "1"]
1.d4 d5
2.c4 Nb8c6
3.cxd5 Qd8xd5
4.e3 Ng8f6
5.Nb1c3 Qd5d8
6.Bf1d3 Bc8g4
7.Qd1a4 Bg4d7
8.Qa4b3 Ra8b8
9.Ng1f3 e6
10.O-O a6
11.e4 Bf8e7
12.Bc1g5 O-O
13.Ra1d1 Nc6a5
14.Qb3c2 h6
15.Bg5h4 b5
16.Rf1e1 c5
17.dxc5 Be7xc5
18.e5 g5
19.Nf3xg5 hxg5
20.Bh4xg5 Bc5e7
21.exf6 Be7xf6
22.Bg5xf6 Qd8xf6
23.Re1e3 Rf8d8
24.Nc3e4 Qf6h6
25.Re3g3 Kf8
26.Qc2c5 Ke8
27.Rg3g8 { resign }
1-0

[Event "Tourn. n9601"]
[Site "www.chess-mail.com"]
[Date "2017.12.16"]
[Round "1"]
[White "Dussek"]
[Black "Libiesse"]
[WhiteElo "1820"]
[BlackElo "1860"]
[Result "1/2-1/2"]
[Round "1"]
1.d4 d5
2.Bc1f4 e6
3.e3 Ng8f6
4.Nb1d2 c5
5.c3 cxd4
6.cxd4 Nb8c6
7.Bf1d3 Bf8d6
8.Bf4xd6 Qd8xd6
9.Ng1f3 O-O
10.h4 b6
11.Nf3g5 h6
12.Ng5f3 Bc8b7
13.Nf3h2 Rf8c8
14.Nh2g4 Nf6xg4
15.Qd1xg4 Nc6b4
16.Bd3b1 Nb4c2
17.Bb1xc2 Rc8xc2
18.b3 Qd6b4
19.Qg4e2 Qb4c3
20.O-O Qc3xd2
21.Qe2b5 Rc2xa2
22.Ra1xa2 Qd2xa2
23.Qb5d7 Qa2a6
24.b4 Bb7c8
25.Qd7c6 Qa6b7
26.Qc6e8 Kh7
27.Qe8a4 Bc8d7
28.Qa4c2 g6
29.h5 Ra8c8
30.hxg6 fxg6
31.Qc2d2 Rc8c4
32.Rf1b1 Bd7a4
33.Rb1a1 Qb7c6
34.Qd2e2 Rc4c1
35.Ra1xc1 Qc6xc1
36.Kh2 Qc1c4
37.Qe2f3 Qc4c7
38.g3 Kg7
39.Qf3e2 b5
40.e4 Qc7c4
41.Qe2e3 Qc4xb4
42.Qe3f4 Qb4e7
43.e5 b4
44.Qf4c1 a5
45.Qc1a1 Qe7d7
46.Qa1c1 Qd7c6
47.Qc1f4 Qc6c2
48.Qf4f6 Kh7
{ draw }
1/2-1/2

[Event "Tourn. n9653"]
[Site "www.chess-mail.com"]
[Date "2017.12.16"]
[Round "1"]
[White "Louis"]
[Black "Dussek"]
[WhiteElo "1960"]
[BlackElo "1850"]
[Result "1-0"]
[Round "1"]
1.d4 d5
2.c4 Nb8c6
3.Nb1c3 Bc8f5
4.cxd5 Nc6a5
5.e4 Bf5g6
6.Qd1a4 Qd8d7
7.Qa4xa5 b6
8.Qa5a6 Ng8f6
9.Bf1b5 { resign }
1-0

[Event "Tourn. n9592"]
[Site "www.chess-mail.com"]
[Date "2017.12.16"]
[Round "1"]
[White "Coolant"]
[Black "Obisporey"]
[WhiteElo "2370"]
[BlackElo "2610"]
[Result "0-1"]
[Round "1"]
1.c4 c5
2.Nb1c3 Ng8f6
3.Ng1f3 d5
4.cxd5 Nf6xd5
5.d4 Nd5xc3
6.bxc3 g6
7.e3 Bf8g7
8.Bf1d3 O-O
9.O-O Qd8c7
10.Bc1a3 Nb8d7
11.Ra1b1 b6
12.Qd1e2 Rf8d8
13.Bd3c4 e6
14.e4 a6
15.e5 Bc8b7
16.Ba3c1 Bb7xf3
17.gxf3 b5
18.Bc4d3 Nd7b6
19.Bc1e3 Ra8c8
20.Rf1c1 Nb6a4
21.f4 Qc7b7
22.Qe2d2 Na4xc3
23.Rc1xc3 cxd4
24.Rc3xc8 Qb7xc8
25.Rb1c1 Qc8d7
26.Rc1d1 dxe3
27.fxe3 Bg7f8
28.Kf2 Bf8c5
29.Qd2e2 Qd7c7
30.Rd1g1 f5
31.Qe2c2 Bc5xe3
{ resign }
0-1

[Event "Tourn. n9644"]
[Site "www.chess-mail.com"]
[Date "2017.12.16"]
[Round "1"]
[White "Falcoale"]
[Black "Pangloss"]
[WhiteElo "1820"]
[BlackElo "1809"]
[Result "0-1"]
[Round "1"]
1.e4 e5
2.Ng1f3 f5
3.Nb1c3 Nb8c6
4.Bf1c4 fxe4
5.Nc3xe4 d5
6.Bc4xd5 Qd8xd5
7.d3 Bc8g4
8.c4 Bf8b4
9.Ne4c3 Qd5d6
10.O-O Nc6d4
11.Rf1e1 O-O-O
12.Re1e3 Bg4xf3
13.gxf3 Bb4xc3
14.bxc3 Qd6g6
15.Kf1 Nd4c6
16.Re3e4 Ng8f6
17.Re4e3 e4
18.fxe4 Nc6e5
19.Re3g3 Nf6g4
20.h3 Rd8xd3
21.Qd1c2 Ng4h2
22.Kg2 Rd3xg3
23.fxg3 Rh8f8
24.Bc1e3 Nh2f3
25.Be3d4 Nf3h4
26.Kh1 Qg6xg3
27.Bd4xe5 Qg3xe5
28.Qc2e2 Rf8f3
{ resign }
0-1

[Event "Tourn. n9596"]
[Site "www.chess-mail.com"]
[Date "2017.12.16"]
[Round "1"]
[White "Roque1"]
[Black "Bojan"]
[WhiteElo "1870"]
[BlackElo "1970"]
[Result "0-1"]
[Round "1"]
1.e4 e5
2.Ng1f3 Nb8c6
3.Bf1b5 Qd8f6
4.O-O Bf8c5
5.Nb1c3 a6
6.Bb5e2 Ng8e7
7.d3 d6
8.Bc1g5 Qf6e6
9.Qd1d2 f6
10.Bg5h4 Bc8d7
11.Nc3d5 Ne7xd5
12.exd5 Qe6xd5
13.a3 Nc6e7
14.b4 Bc5b6
15.c4 Qd5f7
16.Ra1a2 Ne7f5
17.Ra2c2 Bd7c6
18.c5 dxc5
19.bxc5 Bb6a7
20.Rf1e1 Ra8d8
21.Nf3xe5 fxe5
22.Bh4xd8 Kxd8
23.Be2g4 Rh8e8
24.Qd2g5 Nf5e7
25.Re1xe5 h6
26.Qg5h4 Bc6d7
27.Bg4h5 g6
28.Bh5f3 Kc8
29.Qh4b4 Bd7c6
30.Bf3g4 Kb8
31.Rc2b2 h5
32.Bg4d7 b5
33.cxb6 Ba7xb6
34.Bd7xe8 Qf7xe8
35.Re5xe7 Qe8c8
36.Re7e6 Qc8xe6
37.Kf1 Qe6f6
38.f3 Ka7
39.Ke2 Qf6e5
40.Kd2 Qe5xh2
41.Kc3 Qh2e5
42.Kd2 Bb6a5
{ resign }
0-1

[Event "Tourn. n9596"]
[Site "www.chess-mail.com"]
[Date "2017.12.16"]
[Round "1"]
[White "Dussek"]
[Black "Roque1"]
[WhiteElo "1830"]
[BlackElo "1870"]
[Result "0-1"]
[Round "1"]
1.Ng1f3 d6
2.d4 Ng8f6
3.Bc1f4 g6
4.e3 Bf8g7
5.c3 O-O
6.Nb1d2 Bc8g4
7.h3 Bg4xf3
8.Nd2xf3 c6
9.Bf1d3 Nb8d7
10.h4 Nf6g4
11.h5 e5
12.Bf4g5 Nd7f6
13.hxg6 fxg6
14.Nf3h4 Qd8b6
15.Ra1b1 e4
16.Bd3c2 d5
17.f3 Ng4h6
18.f4 Nh6g4
19.Bg5xf6 Ng4xf6
20.g4 Rf8f7
21.g5 Nf6h5
22.Qd1g4 Ra8f8
23.Kd2 c5
24.Bc2d1 cxd4
25.cxd4 Nh5xf4
26.Nh4g2 Nf4xg2
27.Qg4h3 Rf7f2
28.Bd1e2 Qb6b4
29.Kd1 h5
30.gxh6 Bg7xd4
31.Qh3e6 Kh7
32.Qe6d7 Rf8f7
33.Qd7b5 Ng2xe3
34.Kc1 Rf7c7
{ resign }
0-1

[Event "Match"]
[Site "www.echecsemail.com"]
[Date "2017.12.16"]
[Round "1"]
[White "Fangshuo"]
[Black "Apdash"]
[WhiteElo "2040"]
[BlackElo "2230"]
[Result "0-1"]
[Round "1"]
1.e4 c5
2.Ng1f3 d6
3.Nb1c3 Ng8f6
4.d4 cxd4
5.Nf3xd4 g6
6.Bf1c4 Bf8g7
7.O-O O-O
8.Bc1g5 Nb8c6
9.Nd4xc6 bxc6
10.Ra1b1 Qd8a5
11.Qd1d2 Bc8a6
12.b4 Qa5b6
13.b5 cxb5
14.Bg5xf6 Bg7xf6
15.Nc3d5 Qb6c5
16.Bc4d3 Qc5a3
17.Nd5c7 Ra8b8
18.Nc7xb5 Ba6xb5
19.Bd3xb5 Qa3xa2
20.Rb1b3 Rf8c8
{ resign }
0-1